Online Catalogue and eLibrary

Feminism and the Women's Movement: (Record no. 1924)

MARC details
000 -LEADER
fixed length control field 00561nam a2200205Ia 4500
005 - DATE AND TIME OF LATEST TRANSACTION
control field 20250213031216.0
008 - FIXED-LENGTH DATA ELEMENTS--GENERAL INFORMATION
fixed length control field 240331s9999 xx 000 0 und d
020 ## - INTERNATIONAL STANDARD BOOK NUMBER
ISBN 0415905990
082 ## - DDC Classification
Item Number - Author Mark RYA
DDC Edition Number 2048
Class No. 305.42
100 ## - MAIN ENTRY--PERSONAL NAME
Personal name Ryan, B
245 #0 - TITLE STATEMENT
Title Feminism and the Women's Movement:
Remainder of title Dynamics of Change in Social Movement Ideology and Activism
260 ## - PUBLICATION, DISTRIBUTION, ETC.
Place of publication, distribution, etc. New York;
-- London
Name of publisher, distributor, etc. Routledge
Date of publication, distribution, etc. 1992
300 ## - PHYSICAL DESCRIPTION
Extent (e.g. Volumes, Pages etc.) xiii, 203 p.,
650 ## - SUBJECT ADDED ENTRY--TOPICAL TERM
Topical term or geographic name entry element Feminism
650 ## - SUBJECT ADDED ENTRY--TOPICAL TERM
Topical term or geographic name entry element Women
650 ## - SUBJECT ADDED ENTRY--TOPICAL TERM
Topical term or geographic name entry element Women's Movement
650 ## - SUBJECT ADDED ENTRY--TOPICAL TERM
Topical term or geographic name entry element Equality
650 ## - SUBJECT ADDED ENTRY--TOPICAL TERM
Topical term or geographic name entry element Ideology
942 ## - Koha item type (Biblio)
Koha item type Books in Stacks (Lending)
Holdings
Lost status Damaged status Collection code Home library Current library Shelving location Date acquired Full call number Accession Number Item type
    Lending WERC Library WERC Library Social Science Cupboard 03/31/2024 305.42 RYA 2048 Books in Stacks (Lending)

© WERC Library